| 000 | 00645nam a2200181 i 4500 | ||
|---|---|---|---|
| 001 | 36283 | ||
| 003 | ES-MaACL | ||
| 005 | 20230906155334.0 | ||
| 007 | t| | ||
| 008 | 030217s1967 sp ||||1| spa d | ||
| 100 | 1 |
_aBroseta Pont, Manuel. _931932 |
|
| 245 | 1 | 0 |
_aHacia una más fácil negociación y administración de los valores mobiliarios al portador / _cpor Manuel Broseta Pont y Joaquín Maldonado. |
| 260 |
_aValencia : _b[s.n.], _c1967 ( _fTip. Art. Puertes) |
||
| 300 |
_a196 p. ; _c22 cm. |
||
| 650 | 4 |
_aValores mobiliarios- _zEspaña. _9140335 |
|
| 700 | 0 |
_aMaldonado Chiarri, Joaquín. _975724 |
|
| 852 |
_aES-MaACL _jC-34178 _bR.64914 |
||
| 999 |
_c36283 _d36283 |
||